000
00298nam a22001337a 4500
008
181001b xxu||||| |||| 00| 0 eng d
020
_a
9780136792420
041
_a
eng
080
_2
4th
_a
541
100
_a
12
101
_a
KIM
245
_a
Soils an introduction
_c
Singer,M.J
942
_2
udc
_c
BK
999
_c
48741
_d
48741